Sports Quiz

Random Sports or Soccer Quiz

Football League Clubs Quiz Stats

 Plays Quiz Updated Aug 7, 2021

Support Sporcle.
Go Orange.
Score 0/72 Timer 08:00
4 Plays Today
League Club % Correct
ChampionshipDerby County
80.6%
ChampionshipNottingham Forest
77.8%
ChampionshipCardiff City
77.6%
ChampionshipFulham
77%
ChampionshipSheffield United
75.7%
ChampionshipBlackburn Rovers
75.2%
ChampionshipAFC Bournemouth
75.2%
ChampionshipSwansea City
74.9%
League OnePortsmouth
74.8%
ChampionshipPreston North End
74.4%
ChampionshipLuton Town
74.1%
ChampionshipQueens Park Rangers
73.1%
ChampionshipMiddlesbrough
71.4%
League TwoNorthampton Town
71.2%
ChampionshipStoke City
70.8%
ChampionshipBlackpool
69.7%
League TwoOldham Athletic
69.3%
League OneWycombe Wanderers
69.2%
League OneCharlton Athletic
68.9%
ChampionshipReading
68%
League TwoBradford City
67.9%
ChampionshipHuddersfield Town
67.6%
League TwoPort Vale
67.5%
League OneAccrington Stanley
67.3%
League OneSheffield Wednesday
66.8%
ChampionshipBristol City
65.5%
League OneCambridge United
64.5%
League OneIpswich Town
63.7%
League OneWigan Athletic
63.2%
League OneCheltenham Town
63%
League TwoHartlepool United
62.5%
ChampionshipMillwall
60.7%
ChampionshipHull City
60.4%
ChampionshipCoventry City
60.3%
League OnePlymouth Argyle
60.3%
League OneBurton Albion
59.9%
League Club % Correct
ChampionshipWest Bromwich
58.4%
League OneOxford United
57.8%
League OneRotherham United
57.6%
League TwoTranmere Rovers
57.3%
League TwoLeyton Orient
57%
League OneMilton Keynes Dons
56.8%
League OneGillingham
56.3%
League TwoBarrow
56.1%
League TwoExeter City
55.7%
League TwoCrawley Town
53.8%
League OneBolton Wanderers
53.4%
League OneMorecambe
53.2%
League TwoWalsall
51.6%
League TwoBristol Rovers
51.4%
League TwoColchester United
51.3%
League OneDoncaster Rovers
51.1%
League TwoCarlisle United
50.9%
League OneShrewsbury Town
50.8%
League OneLincoln City
50%
League TwoSwindon Town
49.7%
ChampionshipPeterborough United
47.5%
League TwoSalford City
47.3%
League TwoRochdale
46.6%
League OneCrewe Alexandra
45.2%
League TwoSutton United
43.3%
League OneFleetwood Town
43.4%
League TwoNewport County
43%
League TwoForest Green Rovers
42.8%
ChampionshipBirmingham City
41.2%
ChampionshipBarnsley
41.2%
League OneSunderland
39.5%
League TwoMansfield Town
38.3%
League TwoScunthorpe United
37.7%
League TwoStevenage
37.6%
League TwoHarrogate Town
34.2%
League OneAFC Wimbledon
33.9%

From the Vault

Begins & Ends With Same Letter (5-Letter Words)

by slipkid

For you crossword fanatics out there, this quiz should be a snap; the rest of you...well good luck!
Remove Ads.
Support Sporcle.
Get the best of Sporcle when you Go Orange. This ad-free experience offers more features, more stats, and more fun while also helping to support Sporcle. Thank you for becoming a member.

Show Comments

Extras

Top Quizzes Today


Score Distribution

Your Account Isn't Verified!

In order to create a playlist on Sporcle, you need to verify the email address you used during registration. Go to your Sporcle Settings to finish the process.

Report this User

Report this user for behavior that violates our Community Guidelines.

Details: